| 000 | 01025nam a2200301 4500 | ||
|---|---|---|---|
| 001 | 25745 | ||
| 003 | BD-RjUL | ||
| 005 | 20211209050924.0 | ||
| 008 | 140319s1972 enkb b 001 0beng | ||
| 020 | _a021040504X | ||
| 035 | _a(BD-RjUL)25815 | ||
| 040 |
_aDLC _cDLC _dDLC _dBD-RjUL _beng |
||
| 041 | _aeng | ||
| 082 | 0 | 0 |
_a954.9205 _bROG 1972 |
| 100 | 2 |
_aRoy Chowdhury, Subrata. _979079 |
|
| 245 | 1 | 4 |
_aThe genesis of Bangladesh: _ba study in international legal norms and permissive conscience / _cSubrata Roy Chowdhury |
| 260 |
_aLondon : _bAsia Publishing House, _c1972. |
||
| 300 |
_axii, 345 p. : _bmap (on lining papers). ; _c25 cm. |
||
| 350 | _a£4.00 | ||
| 504 | _aIncludes Bibliography: p. [311]-324 and index. | ||
| 650 | 0 |
_aSelf-determination, National. _911396 |
|
| 650 | 0 |
_aCrimes against humanity. _979080 |
|
| 651 | 0 |
_aBangladesh _xHistory _yRevolution, 1971. _979081 |
|
| 651 | 0 |
_aPakistan _xPolitics and government. _979082 |
|
| 942 |
_2ddc _cBK |
||
| 999 |
_c25745 _d25745 |
||